LEADER 01088nam0-2200325---450- 001 990009155390403321 005 20100308162344.0 035 $a000915539 035 $aFED01000915539 035 $a(Aleph)000915539FED01 035 $a000915539 100 $a20100303d1954----km-y0itay50------ba 101 2 $alat$acat 102 $aES 105 $ay-------001gy 200 1 $aSàtires$fA. Persi Flac$gtext revisat i traducció de Miquel Dolç 210 $aBarcelona$cFundació Bernat Metge$d1954 215 $a114 p. (64-109 doppie)$d21 cm 225 1 $aCollecció catalana dels clàssics grecs i llatins$etext i traducció$fFundació Bernat Metge$iEscriptors llatins$v112 500 10$aSatirae$m$914436 676 $a877.01 700 1$aPersius Flaccus,$bAulus$f<34-62>$0182758 702 1$aDolç,$bMiquel$f<1912-1994> 801 0$aIT$bUNINA$gRICA$2UNIMARC 901 $aBK 912 $a990009155390403321 952 $aP2B-640-FBM-PERS.-200A-1954$bDip.Fil.mod. 15977$fFLFBC$mB10-16958 959 $aFLFBC 996 $aSaturae$914436 997 $aUNINA LEADER 01737nam 2200565Ia 450 001 9910456002903321 005 20200520144314.0 010 $a1-280-22144-5 010 $a9786610221448 010 $a0-309-59567-3 010 $a0-585-08460-2 035 $a(CKB)110986584753342 035 $a(OCoLC)70772871 035 $a(CaPaEBR)ebrary10056731 035 $a(SSID)ssj0000268183 035 $a(PQKBManifestationID)11193598 035 $a(PQKBTitleCode)TC0000268183 035 $a(PQKBWorkID)10213364 035 $a(PQKB)11203300 035 $a(MiAaPQ)EBC3376458 035 $a(Au-PeEL)EBL3376458 035 $a(CaPaEBR)ebr10056731 035 $a(CaONFJC)MIL22144 035 $a(OCoLC)923263971 035 $a(EXLCZ)99110986584753342 100 $a19861027d1987 uy 0 101 0 $aeng 135 $aurcn||||||||| 181 $ctxt 182 $cc 183 $acr 200 10$aVitamin tolerance of animals$b[electronic resource] /$fSubcommittee on Vitamin Tolerance, Committee on Animal Nutrition, Board on Agriculture, National Research Council 210 $aWashington, D.C. $cNational Academy Press$d1987 215 $a1 online resource (106 p.) 300 $aBibliographic Level Mode of Issuance: Monograph 311 $a0-309-03728-X 320 $aIncludes bibliographies and index. 606 $aVitamin tolerance in animals 606 $aAnimal nutrition 608 $aElectronic books. 615 0$aVitamin tolerance in animals. 615 0$aAnimal nutrition. 676 $a636.08/52 801 0$bMiAaPQ 801 1$bMiAaPQ 801 2$bMiAaPQ 906 $aBOOK 912 $a9910456002903321 996 $aVitamin tolerance of animals$92283577 997 $aUNINA